Central Library OPAC University of Rajshahi
Normal view MARC view

Entry Topical Term

Number of records used in: 3

001 - CONTROL NUMBER

  • control field: 6759

003 - CONTROL NUMBER IDENTIFIER

  • control field: BD-RjUL

005 - DATE AND TIME OF LATEST TRANSACTION

  • control field: 20230131105122.0

008 - FIXED-LENGTH DATA ELEMENTS

  • fixed length control field: 230131|| aca||aabn | a|a d

040 ## - CATALOGING SOURCE

  • Original cataloging agency: BD-RjUL
  • Transcribing agency: BD-RjUL

150 ## - HEADING--TOPICAL TERM

  • Topical term or geographic name entry element: Diagnosis
  • Form subdivision: Data processing

670 ## - SOURCE DATA FOUND

  • Source citation: Work cat.: (BD-RjUL)80974: Siddique, Abu Raihan Ahmed. 6329, Frame based Bi-Directional target localization for dragnostic Bio-Medical imaging /, 2009